01284nab a22002537a 4500999001500000003000400015005001700019008004100036040000700077100002800084245011600112260007300228300001300301500002700314505028800341505008200629650002300711650002800734650003600762650002700798700003700825773015500862942001301017 c5537d5537OSt20251215145401.0190429b xxu||||| |||| 00| 0 spa d cPJ 96517aArdoy, Leandro A.13aEl (lento) despertar jurisprudencial de los delitos contra el ambiente /cLeandro A. Ardoy, Juan S. Podhainy.  cCiudad Autónoma de Buenos Aires :aThomson Reuters La Ley, b2025. ap. 57-70 aCita: AR/DOC/176/2025. aSumario: I. Introducción.— II. Casos y contextos.— III. Sentencias (condenatorias).— IV. Dificultades probatorias. Prueba científica y de informes (y el conocimiento y el proceso como territorio de disputa).— V. Conclusiones, y aproximaciones subjetivas y estratégicas. tSi te interesa el texto completo, solicitalo a koha@justierradelfuego.gov.ar  09343aDERECHO PENAL 092848aDERECHO AMBIENTAL 092851aCONTAMINACIÓN AMBIENTAL 093251aDAÑO AMBIENTAL 96518aPodhainy, Juan S.ecoautor0 0265893164tRevista de derecho penal y criminología. Nº 2 - Marzo 2025dCiudad Autónoma de Buenos Aires : Thomson Reuters La Ley, 2017-x00347914 2udccANA